<?xml version="1.0" encoding="UTF-8"?>
<marc:record xmlns:marc="http://www.loc.gov/MARC21/slim">
   <marc:leader>00000nam a2200000 a 4500</marc:leader>
   <marc:datafield ind1="0" ind2="0" tag="245">
      <marc:subfield code="a">Meerjungfrauen in Gefahr!</marc:subfield>
   </marc:datafield>
   <marc:datafield ind1="0" ind2="0" tag="245">
      <marc:subfield code="b">der Film zur 2. Staffel</marc:subfield>
   </marc:datafield>
   <marc:datafield ind1=" " ind2="1" tag="264">
      <marc:subfield code="b">A JMSP Programme</marc:subfield>
      <marc:subfield code="c">2012</marc:subfield>
   </marc:datafield>
   <marc:datafield ind1="1" ind2=" " tag="490">
      <marc:subfield code="a">h2o  Plötzlich Meerjungfrau</marc:subfield>
   </marc:datafield>
   <marc:datafield ind1="1" ind2=" " tag="520">
      <marc:subfield code="a">In der zweiten Staffel haben die drei Mädchen mit einigen Schwierigkeiten zu kämpfen. Denn gerade jetzt, wo sie doch glaubhaft versichern konnten, dass sie ihre Fähigkeiten verloren haben, machen sich Ihre Superkräfte selbständig und werden sogar noch viel stärker. Außerdem passieren Emma, Cleo und Rikki einige Missgeschicke beim Versuch &#x84;Meerjungfrauen-Magie&#x93; anzuwenden.</marc:subfield>
   </marc:datafield>
   <marc:datafield ind1="0" ind2=" " tag="490">
      <marc:subfield code="v">0</marc:subfield>
   </marc:datafield>
   <marc:datafield ind1=" " ind2=" " tag="300">
      <marc:subfield code="a">ca. 90 Min.</marc:subfield>
   </marc:datafield>
</marc:record>
